Jojo's Bizarre Adventure (part1-3) - Mort subite - Statistiques

Statistiques générales
  • Ce quiz a été pris 804 fois
  • Le résultat moyen est 15 sur 20
Answers on the Grid
Answers color-coded by a green-red scale on the quiz's grid according to % correct below.
Caesar
Erina
Lisa Lisa
Whiskey
Hol Horse
Boingo
Jotaro
Itadori
Stroheim
Balthazar
Speedwagon
Rosso
Joseph
Enya
Theresia
Dio
Iggy
Bulat
Kakyoin
Jonathan
Wapol
Zeppeli
Pompoko
Poco
Polnareff
Aldebaran
Vanilla Ice
Abdul
Waver
Cars
 
Statistiques - réponses
Réponse % Correct
Caesar
93%
Lisa Lisa
87%
Erina
84%
Jotaro
82%
Dio
81%
Speedwagon
81%
Hol Horse
79%
Iggy
78%
Joseph
77%
Stroheim
77%
Zeppeli
76%
Abdul
75%
Jonathan
75%
Kakyoin
75%
Boingo
74%
Polnareff
72%
Cars
70%
Vanilla Ice
69%
Enya
57%
Poco
41%
Aucun quiz correspondant
Distribution des résultats
% des personnes avec chaque résultat
Percentile par nombre de réponses
Votre historique - résultats
Vous n’avez pas pris ce quiz